| 000 | 00762nam a2200265 a 4500 | ||
|---|---|---|---|
| 001 | 53209 | ||
| 003 | BD-RjUL | ||
| 005 | 20211209075927.0 | ||
| 008 | 161004r20052006enka 001 0 eng d | ||
| 020 | _a8173196222 | ||
| 035 | _aBD-RjUL53329 | ||
| 035 | _a(NNC)5472999 | ||
| 040 |
_aHKP _cHKP _dNNC-M _beng |
||
| 041 | _aeng | ||
| 082 |
_a576.5 _222 _bSAG 2006 |
||
| 100 | 1 |
_aSambamurty, A. V. S. S. _9159046 |
|
| 245 | 1 | 0 |
_aGenetics / _cA.V.S.S. Sambamurty. |
| 250 | _a2nd edi. | ||
| 260 |
_aHarrow : _bAlpha Science International Ltd., _cc2005 [repirnt 2006] |
||
| 300 |
_axxv, 903 p. : _bill. ; _c25 cm. |
||
| 504 | _aIncludes bibliographical references and index. | ||
| 650 | 0 |
_aGenetics. _9159047 |
|
| 942 |
_2ddc _cBK |
||
| 999 |
_c53209 _d53209 |
||